| 000 | 01100cam a2200337 a 4500 | ||
|---|---|---|---|
| 001 | 2034 | ||
| 003 | FISKH | ||
| 005 | 20250828104447.0 | ||
| 008 | 040414s2003 nyua 000 0 eng d | ||
| 010 | _a 2004298760 | ||
| 020 | _a0312491778 (hardcover) | ||
| 020 | _a9780439846318 | ||
| 035 | _a(OCoLC)ocm54089662 | ||
| 040 |
_aEHI _cEHI _dDLC _beng |
||
| 042 | _alccopycat | ||
| 050 | 0 | 0 |
_aHF5381.2 _b.P75 2003 |
| 082 | 0 | 4 |
_a331.702 _221 |
| 100 | 1 | _aPriddy, Roger. | |
| 245 | 1 | 0 |
_aABC of jobs people do / _cRoger Priddy ; with photography by Richard Brown. |
| 260 |
_aNew York : _bScholastic, _c2003. |
||
| 300 |
_a32 unnumbered pages : _bcolor illustrations ; _c28 cm |
||
| 505 | _aP | ||
| 520 | _aDescribes occupations beginning with each letter of the alphabet from airline pilot to zoo keeper. | ||
| 521 | 8 |
_a650
_bLexile IG |
|
| 521 | 8 |
_aP
_bRaz-Plus |
|
| 650 | 0 |
_aOccupations _xJuvenile literature. |
|
| 650 | 0 |
_aProfessions _xJuvenile literature. |
|
| 700 | 1 |
_aBrown, Richard. _ePhotographer |
|
| 906 |
_a7 _bcbc _ccopycat _d2 _encip _f20 _gy-gencatlg |
||
| 942 |
_2ddc _cBK _n0 |
||
| 999 |
_c2034 _d2034 |
||